000 00337nam a2200121Ia 4500
005 20251222144839.0
008 251222s9999||||xx |||||||||||||| ||spa||
082 _a330.917.3/H88
100 _aHug, Kathleen E.
245 0 _aSemblanza de la Economía de los EE.UU.
264 _bDepartamento de Estado de los Estados Unidos
942 _cLIB
999 _c21168
_d21168